| 000 | 00956cam a2200313 u 4500 | ||
|---|---|---|---|
| 003 | UPN | ||
| 005 | 20240228064338.0 | ||
| 008 | 190408s2018 mx a ar 000 j spa d | ||
| 020 | _a9786076239216 (SEP) | ||
| 020 | _a9786071657046 (FCE) | ||
| 035 | _aUPN01000230176 | ||
| 040 |
_aMX-MxUPN _bspa _cMX-MxUPN |
||
| 049 | _aI | ||
| 050 | 4 |
_aPZ7 _bB72 2018 |
|
| 100 | 1 |
_aBrowne, Anthony Edward Tudor, _d1946- _935823 |
|
| 245 | 1 | 0 | _aCosas que me gustan |
| 250 | _aPrimera edición | ||
| 260 |
_aMéxico : _bFondo de Cultura Económica : _bSEP, _c2018. |
||
| 300 |
_a[20] páginas : _bilustraciones a color |
||
| 490 | 0 | _aNuevo modelo educativo. Formativo | |
| 500 | _aTítulo original: Things I like. | ||
| 650 | 0 |
_aLiteratura infantil inglesa _911046 |
|
| 650 | 4 |
_aLibros y lectura para niños _92290 |
|
| 650 | 4 |
_aRecreación _94889 |
|
| 902 | _bVíctorGodínez/211022 | ||
| 905 | _aInfantil | ||
| 942 |
_2lcc _cLIBRO |
||
| 999 |
_c202271 _d202271 |
||